| 000 -LEADER |
| fixed length control field |
01289cam a2200313 a 4500 |
| 001 - CONTROL NUMBER |
| control field |
12578188 |
| 005 - DATE AND TIME OF LATEST TRANSACTION |
| control field |
20160811113026.0 |
| 008 - FIXED-LENGTH DATA ELEMENTS--GENERAL INFORMATION |
| fixed length control field |
011101s2002 nyua b 001 0 eng |
| 010 ## - LIBRARY OF CONGRESS CONTROL NUMBER |
| LC control number |
2001278825 |
| 020 ## - INTERNATIONAL STANDARD BOOK NUMBER |
| International Standard Book Number |
0471400939 (pbk. : alk. paper) |
| 040 ## - CATALOGING SOURCE |
| Original cataloging agency |
DLC |
| Transcribing agency |
DLC |
| Modifying agency |
DLC |
| 050 00 - LIBRARY OF CONGRESS CALL NUMBER |
| Classification number |
GF43 |
| Item number |
.K83 2002 |
| 082 00 - DEWEY DECIMAL CLASSIFICATION NUMBER |
| Classification number |
304.2 |
| Edition number |
21 |
| 100 1# - MAIN ENTRY--PERSONAL NAME |
| Personal name |
Kuby, Michael. |
| 245 10 - TITLE STATEMENT |
| Title |
Human geography in action / |
| Statement of responsibility, etc. |
Michael Kuby, John Harner, Patricia Gober ; contributors, Dan Arreola ... [et al.]. |
| 250 ## - EDITION STATEMENT |
| Edition statement |
2nd ed. |
| 260 ## - PUBLICATION, DISTRIBUTION, ETC. (IMPRINT) |
| Place of publication, distribution, etc. |
New York : |
| Name of publisher, distributor, etc. |
Wiley, |
| Date of publication, distribution, etc. |
c2002. |
| 300 ## - PHYSICAL DESCRIPTION |
| Extent |
xxv, 438 p. : |
| Other physical details |
ill. ; |
| Dimensions |
28 cm. + |
| Accompanying material |
1 computer optical disc (4 3/4 in.) |
| 504 ## - BIBLIOGRAPHY, ETC. NOTE |
| Bibliography, etc |
Includes bibliographical references and index. |
| 650 #0 - SUBJECT ADDED ENTRY--TOPICAL TERM |
| Topical term or geographic name as entry element |
Human geography. |
| 700 1# - ADDED ENTRY--PERSONAL NAME |
| Personal name |
Harner, John. |
| 700 1# - ADDED ENTRY--PERSONAL NAME |
| Personal name |
Gober, Patricia. |
| 856 42 - ELECTRONIC LOCATION AND ACCESS |
| Materials specified |
Contributor biographical information |
| Uniform Resource Identifier |
<a href="http://www.loc.gov/catdir/bios/wiley045/2001278825.html">http://www.loc.gov/catdir/bios/wiley045/2001278825.html</a> |
| 856 42 - ELECTRONIC LOCATION AND ACCESS |
| Materials specified |
Publisher description |
| Uniform Resource Identifier |
<a href="http://www.loc.gov/catdir/description/wiley039/2001278825.html">http://www.loc.gov/catdir/description/wiley039/2001278825.html</a> |
| 856 41 - ELECTRONIC LOCATION AND ACCESS |
| Materials specified |
Table of contents |
| Uniform Resource Identifier |
<a href="http://www.loc.gov/catdir/toc/wiley021/2001278825.html">http://www.loc.gov/catdir/toc/wiley021/2001278825.html</a> |
| 906 ## - LOCAL DATA ELEMENT F, LDF (RLIN) |
| a |
7 |
| b |
cbc |
| c |
origcop |
| d |
3 |
| e |
ncip |
| f |
20 |
| g |
y-gencatlg |
| 942 ## - ADDED ENTRY ELEMENTS (KOHA) |
| Source of classification or shelving scheme |
|
| Koha item type |
Hard Covered Materials |
| Classification part |
GF 43 .K83 2001 |